00390cam a22001097a 4500008004000000082001400040245013500054260003500189300001000224650001900234700002700253180718b1986 xxu||||| |||| 00| 0 eng d aRx54 B556 aChanging division of labor in South Asia: women and men in India's society, economy, and politicscedited by James Warner Bjorkman aRiverdalebThe Riverdalec1986 a152p. aLabour - India aBjorkman, James Warner